PSEUDONIMY SENTINO - Statystyki

Ogólne statystyki
  • Ten quiz został rozwiązany 80 razy
  • Średni wynik to 6 z 22
Statystyki odpowiedzi
PSEUDONIMY SENTINO % Poprawnych
TATUAŻYK
83%
SENTINO
78%
ALVAREZ
76%
SEBA
76%
SENTO
65%
KING SENTO
56%
SENTENCE
33%
PAŁUCKI
32%
KRÓL SENTINO
21%
POLSKI MICKEY ROURKE
19%
VITALYI
17%
MIDAS
11%
SENTINO NIE SENTINEL
6%
DUC DE POLOGNE
5%
KING SENTO AKA BIG PENTO
5%
PLAYBOY ROKU
5%
SAMOTNY WILK
5%
ZABÓJCA LIRYCZNY
3%
DZIKI WSCHÓD
2%
Il DUCE
2%
SEICENTO
2%
ZAPYTAJ O MNIE
2%
Nie znaleziono quizów pasujących do podanych kryteriów
Rozkład punktacji
Procent ludzi z każdym wynikiem
Percentyl według liczby udzielonych odpowiedzi
Twoja historia wyników
Nie rozwiązałeś tego quizu